00421nam a2200181Ia 4500003000400000005001700004008004100021020002200062040000700084041000800091082002200099100001900121245001700140260003600157300001200193365001300205650002100218OSt20230413160235.0210423s2014 xx 000 0 und d a978-0-7499-5861-9 cAL aeng a813.54 223bROBS aROBERTS (Nora) aShadow spell aLondonbPiatkus Books Ltdc2014 a378bPB b360cINR aAmerican Fiction